000
00331nam a2200133Ia 4500
008
220204s9999 xx 000 0 und d
082
_a
681.31 FRO
_b
JON
100
_a
Jones, Dennis
245
0
_a
Using microsoft front page 98
250
_a
2
260
_a
New Delhi
_b
Prentice Hall
_c
1998
700
_a
Randall, Neil
942
_c
BK
999
_c
41716
_d
41716